书目信息 |
| 题名: |
峰值目标下中国低碳发展路径选择研究
|
|
| 作者: | 孙振清 著 | |
| 分册: | ||
| 出版信息: | 北京 人民出版社 2016 |
|
| 页数: | 338页 | |
| 开本: | 24cm | |
| 丛书名: | ||
| 单 册: | ||
| 中图分类: | F124.5 | |
| 科图分类: | ||
| 主题词: | 节能--jie neng--经济发展--研究--中国 | |
| 电子资源: | ||
| ISBN: | 978-7-01-016216-4 | |
| 000 | 00993nam0 22002411 450 | |
| 001 | 1731227666 | |
| 005 | 20170602161201.0 | |
| 010 | @a978-7-01-016216-4@dCNY55.00 | |
| 100 | @a20161102d2016 em y0chiy50 ea | |
| 101 | 0 | @achi |
| 102 | @aCN@b110000 | |
| 105 | @aab z 000yy | |
| 106 | @ar | |
| 200 | 1 | @a峰值目标下中国低碳发展路径选择研究@Afeng zhi mu biao xia zhong guo di tan fa zhan lu jing xuan ze yan jiu@e以天津为例@f孙振清等著 |
| 210 | @a北京@c人民出版社@d2016 | |
| 215 | @a338页@c图,地图@d24cm | |
| 300 | @a中国清洁发展机制基金资助 | |
| 330 | @a本书在对西方发达国家达峰前后的经济社会发展情况进行研究的基础上,对中国碳排放峰值目标的提出意义和实现条件进行了论述。在考虑峰值目标硬约束的情况下,对天津市的工业、钢铁产业、生活用能、外贸产业结构、第一产业、城市废弃物等方面分别进行量化研究。 | |
| 606 | 0 | @a节能@Ajie neng@x经济发展@x研究@y中国 |
| 690 | @aF124.5@v5 | |
| 701 | 0 | @a孙振清@Asun zhen qing@4著 |
| 801 | 0 | @aCN@bTANG WEI@c20170527 |
| 905 | @b0970333-7@dF124.5@e289@f5 | |
| 峰值目标下中国低碳发展路径选择研究:以天津为例/孙振清等著.-北京:人民出版社,2016 |
| 338页:图,地图;24cm |
| 中国清洁发展机制基金资助 |
| ISBN 978-7-01-016216-4:CNY55.00 |
| 本书在对西方发达国家达峰前后的经济社会发展情况进行研究的基础上,对中国碳排放峰值目标的提出意义和实现条件进行了论述。在考虑峰值目标硬约束的情况下,对天津市的工业、钢铁产业、生活用能、外贸产业结构、第一产业、城市废弃物等方面分别进行量化研究。 |
| ● |
| 相关链接 |
|
|
|
|
正题名:峰值目标下中国低碳发展路径选择研究
索取号:F124.5/289
 
预约/预借
| 序号 | 登录号 | 条形码 | 馆藏地/架位号 | 状态 | 备注 |
| 1 | 0970333 | 209703338 | 第一样本阅览室/ [索取号:F124.5/289] | 在馆 | |
| 2 | 0970334 | 209703347 | 密集书库-海洋学院/ [索取号:F124.5/289] | 在馆 | |
| 3 | 0970335 | 209703356 | 第一借阅区/ [索取号:F124.5/289] | 在馆 | |
| 4 | 0970336 | 209703365 | 第一借阅区/ [索取号:F124.5/289] | 在馆 | |
| 5 | 0970337 | 209703374 | 第一借阅区/ [索取号:F124.5/289] | 在馆 |